Esplendor y miseria de la etica Kantiana (Record no. 46329)

MARC details
000 -LEADER
fixed length control field 00682nam a22002057a 4500
005 - DATE AND TIME OF LATEST TRANSACTION
control field 20150320114512.0
008 - FIXED-LENGTH DATA ELEMENTS--GENERAL INFORMATION
fixed length control field 131203t spu||||| |||| 00| 0 spa d
020 ## - INTERNATIONAL STANDARD BOOK NUMBER
International Standard Book Number 8475580614
050 #4 - LIBRARY OF CONGRESS CALL NUMBER
Classification number B2799
Item number E86 1988
100 ## - MAIN ENTRY--PERSONAL NAME
Personal name Guisan, Esperanza,
245 ## - TITLE STATEMENT
Title Esplendor y miseria de la etica Kantiana
Statement of responsibility, etc Aranguren. Jose Luis L....[et al].
250 ## - EDITION STATEMENT
Edition statement 1a ed.
260 ## - PUBLICATION, DISTRIBUTION, ETC. (IMPRINT)
Place of publication, distribution, etc Barcelona :
Name of publisher, distributor, etc Anthropos,
Date of publication, distribution, etc 1988
300 ## - PHYSICAL DESCRIPTION
Extent 229 p. ;
Dimensions 20 cm.
490 ## - SERIES STATEMENT
Series statement Pensamiento Critico/Pensamiento Utopico ;
Volume number/sequential designation no. 31
504 ## - BIBLIOGRAPHY, ETC. NOTE
Bibliography, etc inlcuye índice
650 #4 - SUBJECT ADDED ENTRY--TOPICAL TERM
Topical term or geographic name as entry element Filosofía
General subdivision Etica -- Discursos, ensayos, conferencias
700 ## - ADDED ENTRY--PERSONAL NAME
Personal name Aranguren. Jose Luis L....[et al].
942 ## - ADDED ENTRY ELEMENTS (KOHA)
Source of classification or shelving scheme Clasificación Decimal Dewey
Koha item type Libro
Holdings
Estado de pérdida Fuente de clasificación Estado del daño No para préstamo Ubicación permanente Ubicación actual Apartado o colección Fecha de adquisición Fuente de adquisición Área del conocimiento Clasificación Código de Barras Date last seen Número de copia Tipo de recurso Edición Dependencia de educación superior (DES)
  Biblioteca del Cogreso de los Estados Unidos     Biblioteca de la Facultad de Filosofía Biblioteca de la Facultad de Filosofía General 03/12/2013     B2799 E86 1988 BFF000003214 16/01/2015 C:1 Libro    
  Biblioteca del Cogreso de los Estados Unidos     Biblioteca de la Facultad de Filosofía Biblioteca de la Facultad de Filosofía General 20/03/2015 Unidad Académica Genérico Educación y Humanidades B2799 E86 1988 BFF000009218 20/03/2015 C:2 Libro 1a ed. Humanidades
  Biblioteca del Cogreso de los Estados Unidos     Biblioteca de la Facultad de Filosofía Biblioteca de la Facultad de Filosofía General 24/03/2015 Unidad Académica Genérico Educación y Humanidades B2799 E86 1988 BFF000009245 24/03/2015 C:3 Libro 1a ed. Humanidades